000 00931nam a2200253Ia 4500
003 OSt
005 20220923214330.0
006 a|||||r|||| 00| 0
007 ta
008 220922b |||||||| |||| 00| 0 hin d
024 _a168,914
037 _cTextual
040 _aARTS
_cARTS
_bhin
041 _2hin
_ahin
082 _aO152,1I83:g(/\25), L3
100 _aओझा, धर्म नारायण
245 0 _aसूर साहित्य में पुष्टिमार्गीय सेवा भावना
246 _aSūr sāhitya mean puṣhṭimārgīya sevā bhāvanā
260 _aइलाहाबाद
_b शोध साहित्य प्रकाशन
_c1973
300 _a503पृ.
_ccm.
650 _aहिन्दी कविता
942 _hO152,1I83:g(/\25), L3
_cTEXL
_2CC
999 _c323381
_d323381